000 00346nam a2200157Ia 4500
100 _aTyagi/M.S
650 _aSemiconductor
942 _cBK
366 _f25
245 _aIntroduction to semiconductor materials and devices
260 _bWiley India
_c2005
082 _bTYA
300 _a669
546 _aENGLISH
_cPAMPHALETS
999 _c23742
_d23742